[Event "Internet Section 06A g/8'+2\""]
[Site "Dos Hermanas"]
[Date "2004.03.06"]
[Round "1"]
[White "Bony, Andy"]
[Black "Dragne, Daniel"]
[Result "1-0"]
[WhiteElo "1701"]
[BlackElo "999"]
[PlyCount "77"]
[EventDate "2004.03.06"]
[EventType "swiss (blitz)"]
[EventRounds "9"]
[EventCountry "ESP"]
[SourceTitle "CBM 099 Extra"]
[Source "ChessBase"]
[SourceDate "2004.05.04"]
[SourceVersion "1"]
[SourceVersionDate "2004.05.04"]
[SourceQuality "1"]

1. g3 e5 2. Bg2 d6 3. c4 Nc6 4. Nc3 Nf6 5. d3 Nd4 6. h3 Bd7 7. e3 Nc6 8. Nge2 Be7 9. 0-0 0-0 10. a3 Nh5 11. b4 Nf6 12. b5 Nb8 13. Bxb7 c6 14. Bxa8 cxb5 15. Nxb5 Bxb5 16. cxb5 Nbd7 17. Bc6 Nc5 18. d4 Ne6 19. dxe5 dxe5 20. Qxd8 Bxd8 21. Bb2 Bc7 22. Rfd1 Nc5 23. Rac1 Nb3 24. Rc2 Na5 25. Bg2 Bb6 26. Bxe5 h6 27. Bxf6 gxf6 28. Bd5 f5 29. Nd4 Bxd4 30. Rxd4 Kg7 31. Ra4 Rd8 32. Rc5 Nc6 33. bxc6 Rc8 34. Rxa7 Kg6 35. Rxf7 Rb8 36. c7 Rc8 37. Rc6+ Kg5 38. Rg7+ Kh5 39. Bf3# 1-0